000 00558cam4a220019300 4500
001 lce00821556
008 730110s1971 vn ab 000 0 eng
010 _a 72197609
035 _a(Sirsi) r79121
035 _a(DLC) 72197609
035 _a(UPRA)lce00821556
043 _aa-vn---
050 0 _aDS557.A7
_bV418 1971
245 0 0 _aViet Nam;
_ba sketch.
260 _aHanoi,
_bForeign Languages Pub. House,
_c1971.
651 0 _aVitnam (Democratic Republic, 1946- )
_6S30760.1
949 _aDS557.A7
_wlcc
_i-108919
_mMAIN
_tBOOK
_lON-SHELF
004 79121
999 _c69717
_d69717